Normal view
MARC view
- Hussain, Muhammad Waqar
Entry Personal Name
001 - CONTROL NUMBER
- control field: 127650
003 - CONTROL NUMBER IDENTIFIER
- control field: NUST
005 - DATE AND TIME OF LATEST TRANSACTION
- control field: 20250120101159.0
008 - FIXED-LENGTH DATA ELEMENTS
- fixed length control field: 250120|| aca||aabn | a|a d
040 ## - CATALOGING SOURCE
- Original cataloging agency: NUST
- Transcribing agency: NUST
100 ## - HEADING--PERSONAL NAME
- Personal name: Hussain, Muhammad Waqar
670 ## - SOURCE DATA FOUND
- Source citation: Work cat.: (NUST): Hussain, Muhammad Waqar, Development of a Robust DIFTSTSMC Controller for Underwater Gliders: Modeling and Performance Optimizations/
